000 00498nam a22001697a 4500
999 _c8264
_d8264
003 AR-CdUCM
008 190322b ||||| |||| 00| 0 spa d
040 _aMUNICIPALIDAD PROVINCIAL DEL CUSCO
_cBIBLIOTECA MUNICIPAL DEL CUSCO
082 _a881.08 /
_bG92
245 _aLa guirnalda de Afrodita /
300 _a265 páginas ;
_bilustraciones ;
_c19 cm.
500 _aDonación familia Nieto.
650 _aPoesía
_9139
650 _aEpigramas griegos
_923257
942 _2ddc
_cLIBROS
945 _azta